000 00685nam a22002297a 4500
005 20230619163830.0
008 230619b ||||| |||| 00| 0 eng d
040 _cAL
041 _aeng
082 _223
_a305.4
_bCOMA
100 _aCommittee Against Violence on Women
_9124337
245 _aAccused Indian Army:
_bWomens Testimonies from Northeast
260 _aTirupathi
_bCommittee Against Violence on Women
_c2003
300 _a104p.
_bPB
_c21x13cm.
365 _2Sociology
650 _aAssam
_9124326
650 _aManipur
_9124327
650 _aNagaland
_9124328
650 _aTripura
_9124329
700 _aCOMMITTEE AGAINST VIOLENCE ON WOMEN
_9124330
942 _2ddc
_cDB
999 _c227582
_d227582